|
|
|
|
| LEADER |
00897naa a2200241 i 4500 |
| 001 |
publ31931 |
| 005 |
20250307083629.0 |
| 008 |
250307s1996 hu o 000 eng d |
| 020 |
|
|
|a 0443076529
|
| 024 |
7 |
|
|a 3031625
|2 mtmt
|
| 040 |
|
|
|a SZTE Publicatio Repozitórium
|b hun
|
| 041 |
|
|
|a eng
|
| 100 |
1 |
|
|a Kósa István
|
| 245 |
1 |
0 |
|a Principals and methods of myocardial perfusion imaging
|h [elektronikus dokumentum] /
|c Kósa István
|
| 260 |
|
|
|a Churchill Livingstone
|b London
|c 1996
|
| 300 |
|
|
|a 33-66
|
| 490 |
0 |
|
|a Cardiac Stress Testing & Imaging: A Clinician’s Guide. New York, NY, Churchill Livingstone
|
| 650 |
|
4 |
|a Számítás- és információtudomány
|
| 650 |
|
4 |
|a Klinikai orvostan
|
| 700 |
0 |
1 |
|a Ziegler Sibylle
|e aut
|
| 700 |
0 |
1 |
|a Nekolla Stephan
|e aut
|
| 700 |
0 |
1 |
|a Schwaiger Markus
|e aut
|
| 856 |
4 |
0 |
|u http://publicatio.bibl.u-szeged.hu/31931/3/aok_klny_703_96%2802%29.pdf
|z Dokumentum-elérés
|